Materials science and engineeering on intoduction (Record no. 141396)

MARC details
000 -LEADER
fixed length control field 00406nam a2200157Ia 4500
008 - FIXED-LENGTH DATA ELEMENTS--GENERAL INFORMATION
fixed length control field 230917s9999||||xx |||||||||||||| ||und||
040 ## - CATALOGING SOURCE
-- 115151
Original cataloging agency VIVEKANANDA LIBRARY
041 ## - Language
-- English
082 ## - DDC NUMBER
Classification number 620.11 C134M
100 ## - MAIN ENTRY--PERSONAL NAME
Personal name Callister, William D
245 #0 - TITLE STATEMENT
Title Materials science and engineeering on intoduction
250 ## - EDITION STATEMENT
Edition statement 6th ed.
260 ## - PUBLICATION, DISTRIBUTION, ETC. (IMPRINT)
Place of publication, distribution, etc New Delhi
Name of publisher, distributor, etc John Wiley
Date of publication, distribution, etc 2006
300 ## - PHYSICAL DESCRIPTION
Pages 820p p.
942 ## - ADDED ENTRY ELEMENTS (KOHA)
Koha item type Books
Holdings
Withdrawn status Lost status Damaged status Not for loan Location (home branch) Sublocation or collection (holding branch) Shelving location Date acquired Koha issues (times borrowed) Koha full call number Accession No. Koha date last seen Koha item type
        VIVEKANANDA LIBRARY VIVEKANANDA LIBRARY UIET Library 28/04/2008   620.11 C134M 247305 17/09/2023 Books
        VIVEKANANDA LIBRARY VIVEKANANDA LIBRARY UIET Library 28/04/2008 1 620.11 C134M 247306 06/03/2025 Books
        VIVEKANANDA LIBRARY VIVEKANANDA LIBRARY UIET Library 28/04/2008 1 620.11 C134M 247307 18/04/2024 Books
        VIVEKANANDA LIBRARY VIVEKANANDA LIBRARY UIET Library 28/04/2008   620.11 C134M 247308 17/09/2023 Books
        VIVEKANANDA LIBRARY VIVEKANANDA LIBRARY UIET Library 28/04/2008   620.11 C134M 247309 17/09/2023 Books
        VIVEKANANDA LIBRARY VIVEKANANDA LIBRARY UIET Library 28/04/2008   620.11 C134M 247310 17/09/2023 Books
        VIVEKANANDA LIBRARY VIVEKANANDA LIBRARY UIET Library 28/04/2008   620.11 C134M 247311 17/09/2023 Books
        VIVEKANANDA LIBRARY VIVEKANANDA LIBRARY UIET Library 28/04/2008   620.11 C134M 247312 17/09/2023 Books
        VIVEKANANDA LIBRARY VIVEKANANDA LIBRARY UIET Library 28/04/2008 1 620.11 C134M 247313 29/04/2024 Books
        VIVEKANANDA LIBRARY VIVEKANANDA LIBRARY UIET Library 28/04/2008   620.11 C134M 247314 17/09/2023 Books
        VIVEKANANDA LIBRARY VIVEKANANDA LIBRARY UIET Library 28/04/2008   620.11 C134M 247315 17/09/2023 Books
        VIVEKANANDA LIBRARY VIVEKANANDA LIBRARY UIET Library 28/04/2008   620.11 C134M 247316 17/09/2023 Books
        VIVEKANANDA LIBRARY VIVEKANANDA LIBRARY UIET Library 28/04/2008   620.11 C134M 247317 17/09/2023 Books
        VIVEKANANDA LIBRARY VIVEKANANDA LIBRARY UIET Library 28/04/2008   620.11 C134M 247318 17/09/2023 Books
        VIVEKANANDA LIBRARY VIVEKANANDA LIBRARY UIET Library 28/04/2008 1 620.11 C134M 247319 22/12/2023 Books
© Designed and Maintained by Vivekananda Library, MDU Rohtak